Colecciones Banco de la República : (Registro nro. 7490)

Detalles MARC
000 -LEADER
fixed length control field 00990cam a2200241 a 4500
003 - CONTROL NUMBER IDENTIFIER
control field OSt
005 - DATE AND TIME OF LATEST TRANSACTION
control field 20210308123755.0
008 - FIXED-LENGTH DATA ELEMENTS--GENERAL INFORMATION
fixed length control field 040311s1998 ck a r 000 0 spa d
020 ## - INTERNATIONAL STANDARD BOOK NUMBER
International Standard Book Number 9586640264
040 ## - CATALOGING SOURCE
Original cataloging agency CO-BoPUJ
Transcribing agency CO-JMCR
041 0# - LANGUAGE CODE
Language code of text/sound track or separate title spa
082 04 - DEWEY DECIMAL CLASSIFICATION NUMBER
Classification number 708.9861 /
Item number B213c
Edition number 23
110 2# - MAIN ENTRY--CORPORATE NAME
Corporate name or jurisdiction name as entry element Banco de la República
9 (RLIN) 14538
245 10 - TITLE STATEMENT
Title Colecciones Banco de la República :
Remainder of title fondos documentales, bibliográficos, arqueológicos, artísticos y numismáticos /
Statement of responsibility, etc. Banco de la República
260 ## - PUBLICATION, DISTRIBUTION, ETC.
Place of publication, distribution, etc. Bogotá :
Name of publisher, distributor, etc. Banco de la República,
Date of publication, distribution, etc. 1998.
300 ## - PHYSICAL DESCRIPTION
Extent 105 páginas :
Other physical details ilustraciones y fotografías a color ;
Dimensions 28 cm.
505 0# - FORMATTED CONTENTS NOTE
Formatted contents note Museo de Oro -- Biblioteca Luis Ángel Arango
610 24 - SUBJECT ADDED ENTRY--CORPORATE NAME
Corporate name or jurisdiction name as entry element Biblioteca Luis Angel Arango (Bogotá)
Form subdivision Colecciones
9 (RLIN) 14539
610 24 - SUBJECT ADDED ENTRY--CORPORATE NAME
Corporate name or jurisdiction name as entry element Biblioteca Luis Angel Arango (Bogotá)
Form subdivision Colecciones
9 (RLIN) 14539
650 24 - SUBJECT ADDED ENTRY--TOPICAL TERM
Topical term or geographic name entry element Museo del oro (bogotá)
Form subdivision Colecciones
9 (RLIN) 14540
650 24 - SUBJECT ADDED ENTRY--TOPICAL TERM
Topical term or geographic name entry element Orfebrería precolombina
Geographic subdivision Colombia
Form subdivision Colecciones
9 (RLIN) 14541
942 ## - ADDED ENTRY ELEMENTS (KOHA)
Source of classification or shelving scheme Dewey Decimal Classification
Koha item type Books
Existencias
Withdrawn status Lost status Source of classification or shelving scheme Damaged status Not for loan Home library Current library Shelving location Date acquired Source of acquisition Total Checkouts Full call number Barcode Date last seen Date last checked out Copy number Price effective from Koha item type
    Dewey Decimal Classification     Biblioteca Pública José María del Castillo y Rada Biblioteca Pública José María del Castillo y Rada Children's Area   Donación 2 708.9861 / B213c 201810740 05/16/2024 05/08/2024 Ej.1   Books